00643 2200241 4500001002100000005001700021008004100038020001800079035002400097041000800121043001200129082001000141090002000151100001900171245004600190250001000236260003300246300003600279500003100315650002200346850001200368999002100380YOGYA-0511000000056720161011095104.0 ind  a979-3289-33-3 0010-051100000000567 aInd aYOPDYOG a004.6 aDEP 004.6 Kri J aKRISTANTO,Andi aJaringan komputerc/oleh, Andri Kristanto aCet.1 aYogyakartabGraha Ilmuc2003 axiii,321 hlm.b: ilus.c; 23 cm aBibliografi : hlm. 315-316 aJaringan komputer aYOPDYOG aCB-D.11/2003-336